Statistics for Top 10 largest Cities in South America

Click here to take the quiz!

General Stats

  • This quiz has been taken 42 times
  • The average score is 8 of 10

Answer Stats

CountryAnswer% Correct
PeruLima
98%
BrazilRio de Janeiro
98%
ColombiaBogota
93%
BrazilBrasilia
93%
ArgentinaBuenos Aires
93%
ChileSantiago
88%
BrazilSao paulo
88%
VenezuelaCaracas
85%
BrazilBelo Horizonte
54%
BrazilPorto Alegre
41%

Score Distribution

Percentile by Number Answered

Percent of People with Each Score

Your Score History

You have not taken this quiz